|
|
|
|
| LEADER |
00000nas a2200000 a 4500 |
| 001 |
ssj0001434279 |
| 003 |
WaSeSS |
| 005 |
20200512172242.0 |
| 006 |
m d |
| 007 |
cr n |
| 008 |
070822c20099999nyuqr p s 0 a0eng c |
| 010 |
|
|
|a 2007212279
|
| 022 |
|
|
|y 1939-5922
|
| 035 |
|
|
|a (WaSeSS)ssj0001434279
|
| 037 |
|
|
|b Nova Science Publishers, 400 Oser Ave., Ste. 1600, Hauppauge, NY 11788-3619
|
| 040 |
|
|
|a NSD
|b eng
|c NSD
|d NSD
|d DLC
|d OCLCQ
|d OCLCO
|d DLC
|d OCLCF
|d OCLCO
|d WaSeSS
|
| 042 |
|
|
|a pcc
|a nsdp
|
| 050 |
0 |
0 |
|a HD61
|b .J685
|
| 082 |
1 |
0 |
|a 658
|2 14
|
| 222 |
|
0 |
|a Journal of risk and governance
|
| 245 |
0 |
0 |
|a Journal of risk and governance
|h [electronic resource].
|
| 246 |
1 |
3 |
|a JRG
|
| 260 |
|
|
|a Hauppauge, NY :
|b Nova Science Publishers
|
| 310 |
|
|
|a Quarterly
|
| 362 |
1 |
|
|a Began with v. 1, issue 1 (2009).
|
| 506 |
|
|
|a License restrictions may limit access.
|
| 588 |
|
|
|a Description based on: V. 1, issue 1 (2009); title from cover.
|
| 650 |
|
0 |
|a Risk management
|v Periodicals.
|
| 650 |
|
7 |
|a Risk management.
|2 fast
|0 (OCoLC)fst01098164
|
| 655 |
|
0 |
|a Electronic journals.
|
| 850 |
|
|
|a DLC
|
| 856 |
4 |
0 |
|z Full text available from Research Library: 01/01/2011 to 09/30/2013
|u https://search.proquest.com/publication/2034827
|